000 01222nam a2200313 c 4500
003 BLK
005 20240613113432.0
008 180409b bul|||||r ||||||| ||bul||
010 _aKNG00101968000
020 _a954-733-262-7
_bиздат.: Прозорец
040 _aBLK
041 _aBUL
_cBUL
080 _aАмериканска литература (на САЩ)
_b821.111(73)
_x-311.6
_z821.111(73)-311.6
100 1 _aЕлрой, Джеймс
_eпърви автор
_967068
700 1 _aНиколов, Светлозар Борисов
_eпрев. от англ.
_9364103
139 _aЕлрой, Джеймс
_bЕ 55
245 1 0 _aШест бона кеш
_bРоман
_cДжеймс Елрой; прев. от англ. Светлозар Борисов Николов.
257 _aUSA
260 София
_bПрозорец
_c2002
_fСофия : Инвестпрес
300 _a791 с.
_c20 см
380 _aX
500 _aОриг. загл. The colld six thousand / James Ellroy.
852 _aЦб 211923
856 4 _qpdf
_u
856 4 _qpdf
_u
942 _cKNG
_n0
_02
944 _aCR
_c01.01.2002
_k30576
_lЦветомила Тодорова
944 _aED
_c14.07.2003
_k
999 _c97061
_d97061